[Event "40th World Junior Girls"]
[Site "Gandhinagar IND"]
[Date "2024.06.03"]
[Round "2.22"]
[White "Zhurova, Anna"]
[Black "Advika Sarupria"]
[Result "0-1"]
[WhiteTitle "WFM"]
[WhiteElo "2239"]
[BlackElo "1587"]
[WhiteFideId "54113075"]
[BlackFideId "25968858"]
[EventDate "2024.06.02"]

1. e4 e6 2. d4 d5 3. e5 c5 4. c3 Nc6 5. Nf3 Bd7 6. Be2 Nge7 7. Na3 cxd4 8. cxd4
Nf5 9. Nc2 Be7 10. O-O O-O 11. Bd3 Nh4 12. Nxh4 Bxh4 13. f4 Be7 14. Be3 f5 15.
exf6 Bxf6 16. Rf3 Be8 17. Rh3 g6 18. g4 Bg7 19. Qd2 Qe7 20. Re1 Qc7 21. Kh1 Bd7
22. Rg1 Rf7 23. Qf2 Qd8 24. Qg3 Qe7 25. a3 a5 26. Re1 Raf8 27. b3 Qd8 28. b4
axb4 29. axb4 Na7 30. Rg1 Qe7 31. Qe1 Nc8 32. Qd2 Nd6 33. Na3 b5 34. Bb1 Nc4 35.
Qd3 Bh8 36. Nc2 Nxe3 37. Nxe3 Rxf4 38. Qe2 Rf2 39. Qd3 R2f4 40. Qe2 Bxd4 41. Nf5
gxf5 42. gxf5+ Bxg1 43. Rg3+ Kh8 44. Qe5+ Qf6 45. Qxf4 Ba7 46. Rh3 Bb8 47. Qd2
exf5 48. Rh6 Qe5 49. Qd1 Re8 0-1

[Event "40th World Junior Girls"]
[Site "Gandhinagar IND"]
[Date "2024.06.03"]
[Round "2.23"]
[White "Hasini, Kamabathula"]
[Black "Sachi Jain"]
[Result "0-1"]
[BlackTitle "WFM"]
[WhiteElo "1758"]
[BlackElo "2124"]
[WhiteFideId "25712837"]
[BlackFideId "25974050"]
[EventDate "2024.06.02"]

1. e4 e5 2. Nf3 Nc6 3. Bc4 Bc5 4. c3 Nf6 5. d4 exd4 6. e5 d5 7. Bb5 Ne4 8. cxd4
Bb6 9. Nc3 O-O 10. Be3 f5 11. exf6 Rxf6 12. Nxe4 dxe4 13. Bxc6 bxc6 14. Nd2 Rg6
15. Nxe4 Ba5+ 16. Nd2 Rb8 17. b3 Rxg2 18. Qf3 Rg6 19. h4 c5 20. h5 Rf6 21. Qg3
cxd4 22. Bg5 Qd5 23. Rg1 Re6+ 24. Kd1 Ba6 25. Be3 Qxh5+ 26. f3 Rg6 27. Bg5 h6
28. Qe5 Rxg5 29. Rxg5 Qxg5 0-1

[Event "40th World Junior Girls"]
[Site "Gandhinagar IND"]
[Date "2024.06.03"]
[Round "2.25"]
[White "Divyabharathi, Masanam"]
[Black "Peglau, Charis"]
[Result "1-0"]
[BlackTitle "WFM"]
[WhiteElo "1821"]
[BlackElo "2088"]
[WhiteFideId "45018421"]
[BlackFideId "16219996"]
[EventDate "2024.06.02"]

1. e4 c5 2. Nf3 d6 3. d4 cxd4 4. Nxd4 Nf6 5. Nc3 a6 6. Be2 Nbd7 7. O-O g6 8. Be3
Bg7 9. Qd2 O-O 10. Bh6 Nc5 11. Bf3 Bg4 12. Bxg7 Kxg7 13. Bxg4 Nxg4 14. Rad1 Ne5
15. Nb3 Rc8 16. f4 Nxb3 17. axb3 Qb6+ 18. Kh1 Nc6 19. Rf3 Nb4 20. f5 h5 21. Rdf1
a5 22. Rh3 Rh8 23. Qg5 d5 24. e5 Qc7 25. fxg6 fxg6 26. Rg3 Qc6 27. Qxe7+ Kh6 28.
Qg5+ Kg7 29. Rf6 1-0

[Event "40th World Junior Girls"]
[Site "Gandhinagar IND"]
[Date "2024.06.03"]
[Round "2.26"]
[White "Kirthika, B"]
[Black "Rzali, Sabina"]
[Result "1-0"]
[BlackTitle "WCM"]
[WhiteElo "1724"]
[BlackElo "2073"]
[WhiteFideId "25981323"]
[BlackFideId "13410920"]
[EventDate "2024.06.02"]

1. e4 d5 2. exd5 Qxd5 3. Nc3 Qd6 4. d4 Nf6 5. Nf3 g6 6. Nb5 Qb6 7. Be2 c6 8. Nc3
Bg7 9. O-O O-O 10. h3 Rd8 11. Bc4 Nd5 12. Re1 Qc7 13. Qe2 e6 14. Bg5 Nxc3 15.
bxc3 Re8 16. h4 h6 17. Be3 Nd7 18. Qd2 h5 19. Bf4 Qa5 20. Ne5 Nf8 21. Re3 Qd8
22. Rf3 f6 23. Nd3 Kh7 24. Re1 b6 25. Rfe3 a5 26. a4 Ra7 27. Qe2 Qe7 28. Qf3 Bd7
29. Qg3 Bc8 30. Bd6 Qf7 31. Nf4 Bh6 32. Bxf8 Rxf8 33. Bxe6 Bxe6 34. Rxe6 b5 35.
axb5 cxb5 36. Nd5 Bg7 37. Qd6 Rd7 38. Qc6 b4 39. Re7 Qxd5 40. Qxd7 Qxd7 41. Rxd7
bxc3 42. Ra7 g5 43. Ree7 Rg8 44. d5 a4 45. hxg5 Kg6 46. d6 fxg5 47. d7 Bf6 48.
Re8 Rg7 49. d8=Q Rxa7 50. Rg8+ Kf5 51. Qd5+ Kf4 52. g3+ Kg4 53. Qe4+ 1-0

[Event "40th World Junior Girls"]
[Site "Gandhinagar IND"]
[Date "2024.06.03"]
[Round "2.27"]
[White "Aswinika Mani R"]
[Black "Cassi, Elisa"]
[Result "1-0"]
[BlackTitle "WFM"]
[WhiteElo "1751"]
[BlackElo "2028"]
[WhiteFideId "25611518"]
[BlackFideId "2817220"]
[EventDate "2024.06.02"]

1. e4 e5 2. Nf3 Nc6 3. Bc4 Bc5 4. c3 Nf6 5. d3 d6 6. h3 a5 7. a4 h6 8. O-O O-O
9. Re1 Be6 10. Nbd2 Ba7 11. Ba2 Bxa2 12. Rxa2 d5 13. Ra1 Re8 14. Qc2 Qd7 15. Nf1
Rad8 16. Ng3 d4 17. Rd1 Re6 18. c4 Bc5 19. Qe2 Bf8 20. Nf5 Qe8 21. g4 Nd7 22.
Kh1 Nc5 23. g5 h5 24. N3h4 g6 25. Rg1 Nb3 26. Rb1 Nb4 27. Ng3 Qxa4 28. Nxh5 Nxc1
29. Rbxc1 gxh5 30. g6 fxg6 31. Qxh5 Bg7 32. Nxg6 Nxd3 33. Nh8 Rd7 34. Ra1 Qc6
35. Rxa5 Qxe4+ 36. f3 Nf2+ 37. Kg2 Qh7 38. Ra8+ Bf8 39. Kxf2+ Rg7 40. Qf7+ Kxh8
41. Rxf8+ 1-0

[Event "40th World Junior Girls"]
[Site "Gandhinagar IND"]
[Date "2024.06.03"]
[Round "2.28"]
[White "Aditri Shome"]
[Black "Gunawardhana, Devindya Oshini"]
[Result "0-1"]
[BlackTitle "WFM"]
[WhiteElo "1620"]
[BlackElo "1980"]
[WhiteFideId "25164198"]
[BlackFideId "29941482"]
[EventDate "2024.06.02"]

1. d4 d5 2. c4 e6 3. cxd5 exd5 4. Nc3 Nf6 5. Bg5 c6 6. Qc2 Bd6 7. e3 O-O 8. Bd3
h6 9. Bh4 Nbd7 10. Nf3 Be7 11. O-O b6 12. Rab1 a5 13. a3 Ba6 14. Bxa6 Rxa6 15.
b4 b5 16. Rfc1 Re8 17. Qb3 Bd6 18. Bg3 Bxg3 19. hxg3 a4 20. Qd1 Ng4 21. Ne2 Ndf6
22. Nc3 Qe7 23. Qd2 Qe6 24. Qc2 g5 25. Ne1 Raa8 26. Nd1 Rac8 27. Nd3 Nd7 28. Nc5
Nxc5 29. bxc5 Kg7 30. Qd3 Nf6 31. Nc3 Rh8 32. f3 h5 33. Ne2 Rce8 34. Kf2 Nd7 35.
Rh1 Rh6 36. Rh2 Nf6 37. Re1 Re7 38. Nc3 Kf8 39. Rhh1 Kg7 40. Re2 Rh8 41. Rhe1 h4
42. g4 Rd8 43. Rh1 Ree8 44. Rh3 Qc8 45. Rh1 Re7 46. Rhe1 Qc7 47. Rh1 Qc8 48.
Rhe1 Qb8 49. Rh1 Ng8 50. e4 Qg3+ 51. Kf1 Qf4 52. Kf2 Nf6 53. e5 Nxg4+ 54. Kg1
Nh6 55. Re1 Nf5 56. Ne2 Qe3+ 57. Qxe3 Nxe3 58. Ra1 f6 59. Kf2 Nc4 60. exf6+ Kxf6
61. Rhc1 Rde8 62. Rc2 Ne3 63. Rc3 Nxg2 64. Kxg2 Rxe2+ 65. Kh3 R2e3 66. Rc2 Rxf3+
67. Kg4 Rf4+ 68. Kh5 Rh8# 0-1

[Event "40th World Junior Girls"]
[Site "Gandhinagar IND"]
[Date "2024.06.03"]
[Round "2.29"]
[White "Natura, Bethi"]
[Black "Gasparyan, Milena"]
[Result "0-1"]
[WhiteElo "1697"]
[BlackElo "1909"]
[WhiteFideId "25048864"]
[BlackFideId "13311670"]
[EventDate "2024.06.02"]

1. d4 Nf6 2. c4 e6 3. Nf3 d5 4. Nc3 c5 5. cxd5 cxd4 6. Qxd4 exd5 7. Bg5 Be7 8.
e3 O-O 9. Be2 Be6 10. O-O h6 11. Bf4 Nc6 12. Qa4 a6 13. Rfd1 Qb6 14. Qc2 Rac8
15. a3 Rfd8 16. Bd3 Kf8 17. Rac1 d4 18. Na4 Qa7 19. Nc5 Bg4 20. Be2 b6 21. Nxa6
dxe3 22. Qa4 exf2+ 23. Kf1 Rxd1+ 24. Rxd1 Nd8 25. Be3 Bd7 26. Qd4 Rc6 27. Bxf2
Rd6 28. Qc4 Rxd1+ 29. Bxd1 Be6 30. Qd3 Nd5 31. Be2 Nf4 32. Qh7 Bf6 33. Bb5 Ng6
34. h4 Bg4 35. Bg3 Qe7 36. Bd3 Bxf3 37. gxf3 Qe3 38. Bd6+ Be7 39. Bxe7+ Kxe7 40.
Be2 Ne6 41. Nb4 Nef4 42. Bd1 Qd2 43. Nc6+ Kf6 0-1

[Event "40th World Junior Girls"]
[Site "Gandhinagar IND"]
[Date "2024.06.03"]
[Round "2.30"]
[White "Kirtadze, Anastasia"]
[Black "Kashthuri, Bhai R"]
[Result "0-1"]
[WhiteTitle "WFM"]
[WhiteElo "2142"]
[BlackElo "1765"]
[WhiteFideId "13622714"]
[BlackFideId "25611607"]
[EventDate "2024.06.02"]

1. e4 e5 2. Nf3 Nc6 3. Bb5 a6 4. Ba4 Nf6 5. O-O b5 6. Bb3 Bc5 7. c3 d6 8. a4 Bb7
9. d4 Bb6 10. Re1 h6 11. Na3 O-O 12. Rb1 exd4 13. axb5 Na5 14. Bc2 axb5 15. b4
Nc4 16. Nxc4 bxc4 17. Nxd4 Re8 18. f3 Qd7 19. Kh1 Ra2 20. Bb2 Nh5 21. Qd2 Qd8
22. g4 Qf6 23. Nf5 Re5 24. Rf1 d5 25. f4 dxe4 26. Qg2 Re8 27. h3 Bc6 28. Kh2 e3
29. Qe2 Rd8 30. Nxe3 Nxf4 31. Qf2 Qe5 32. Nxc4 Bxf2 33. Nxe5 Rd2 34. Rxf2 Rxf2+
35. Kg3 Rxc2 36. Kxf4 g5+ 37. Kg3 0-1

[Event "40th World Junior Girls"]
[Site "Gandhinagar IND"]
[Date "2024.06.03"]
[Round "2.31"]
[White "Brito Carrascal, Isabela"]
[Black "Kanyamarala, Trisha"]
[Result "0-1"]
[BlackTitle "WIM"]
[WhiteElo "1810"]
[BlackElo "2219"]
[WhiteFideId "4456122"]
[BlackFideId "45004722"]
[EventDate "2024.06.02"]

1. e4 c5 2. Nf3 d6 3. d4 cxd4 4. Nxd4 Nf6 5. Nc3 a6 6. f3 e5 7. Nb3 Be7 8. Be3
Be6 9. Qd2 h5 10. O-O-O Nbd7 11. Kb1 Rc8 12. Qf2 b5 13. Nd5 Nxd5 14. exd5 Bf5
15. Bd3 Bxd3 16. Rxd3 a5 17. Qg3 Nf6 18. Qf2 Rb8 19. Rhd1 a4 20. Nd2 Rc8 21. h3
h4 22. f4 Nd7 23. f5 Nf6 24. Bg5 Nd7 25. Bxe7 Qxe7 26. Ne4 Nc5 27. Rc3 O-O 28.
f6 Nxe4 29. fxe7 Nxf2 30. exf8=Q+ Rxf8 31. Re1 f5 32. Rc6 Rf6 33. Rb6 Rg6 34.
Rxe5 Rxg2 35. Re1 Ne4 36. c4 bxc4 37. Rb4 a3 38. Ka1 c3 39. bxa3 Nc5 40. Rc4 Nd3
41. Rc8+ Kh7 42. Rf1 c2 43. Rc3 Rd2 0-1

[Event "40th World Junior Girls"]
[Site "Gandhinagar IND"]
[Date "2024.06.03"]
[Round "2.32"]
[White "Mrittika Mallick"]
[Black "Fang, Kun"]
[Result "1-0"]
[BlackTitle "WCM"]
[WhiteElo "2076"]
[BlackElo "1803"]
[WhiteFideId "25902997"]
[BlackFideId "5819660"]
[EventDate "2024.06.02"]

1. e4 e5 2. Nf3 Nc6 3. Bc4 Bc5 4. d3 Nf6 5. O-O d6 6. c3 a6 7. a4 Ba7 8. Nbd2
O-O 9. h3 h6 10. Re1 Re8 11. Nf1 Be6 12. Bxe6 Rxe6 13. Ng3 Ne7 14. Nh4 Qd7 15.
Qf3 Ng6 16. Nhf5 Rd8 17. h4 Kh7 18. c4 c6 19. b4 d5 20. c5 a5 21. h5 Ne7 22. Ba3
axb4 23. Bxb4 Nxf5 24. Nxf5 Ne8 25. Qe3 Nc7 26. Ba5 Ra8 27. Rab1 Ne8 28. Bb6 Bb8
29. g3 Nf6 30. Kg2 Kg8 31. Qe2 1-0

[Event "40th World Junior Girls"]
[Site "Gandhinagar IND"]
[Date "2024.06.03"]
[Round "2.33"]
[White "Donghvani, Nia"]
[Black "Anushka Gupta"]
[Result "1-0"]
[WhiteElo "2070"]
[BlackElo "1766"]
[WhiteFideId "13614649"]
[BlackFideId "25660802"]
[EventDate "2024.06.02"]

1. e4 c5 2. Nf3 d6 3. d4 cxd4 4. Nxd4 Nf6 5. Nc3 a6 6. a3 e5 7. Nf5 Bxf5 8. exf5
Be7 9. g4 h6 10. Bg2 Nc6 11. Be3 Rc8 12. h4 Nd7 13. Qd2 Qa5 14. O-O-O Nb6 15.
Qe2 Na4 16. Nxa4 Qxa4 17. g5 b5 18. f6 gxf6 19. gxf6 Bf8 20. Bh3 Rc7 21. Bf5 h5
22. Kb1 b4 23. b3 Qa5 24. a4 Nd8 25. Qf3 Rc3 26. Qa8 Qc7 27. Qxa6 Ne6 28. Qb5+
Qc6 29. Qb8+ Kd7 30. Bb6 Qc8 31. Qa7+ Ke8 32. Ba5 Qd7 33. Qxd7+ Kxd7 34. Bxb4
Rf3 35. Bd3 Rxf6 36. a5 Be7 37. f3 Rxf3 38. a6 f5 39. Bb5+ Kc7 40. Ba5+ Kb8 41.
Bc6 e4 42. Bb6 Nc7 43. a7+ Kc8 44. Bxc7 Kxc7 45. a8=Q Rxa8 46. Bxa8 Rc3 47. Bd5 1-0

[Event "40th World Junior Girls"]
[Site "Gandhinagar IND"]
[Date "2024.06.03"]
[Round "2.34"]
[White "Swara Lakshmi S Nair"]
[Black "Sagar, Siya"]
[Result "1-0"]
[WhiteTitle "WCM"]
[WhiteElo "2051"]
[BlackElo "1732"]
[WhiteFideId "25629239"]
[BlackFideId "25098160"]
[EventDate "2024.06.02"]

1. e4 e5 2. Nf3 Nc6 3. d4 exd4 4. Nxd4 Bc5 5. Nb3 Bb6 6. Nc3 Nf6 7. Qe2 O-O 8.
Bg5 h6 9. Bh4 a5 10. a4 Nd4 11. Qd2 Nxb3 12. Bxf6 Nxd2 13. Bxd8 Rxd8 14. Kxd2
Bxf2 15. Bc4 Bd4 16. Raf1 Bxc3+ 17. Kxc3 Rf8 18. Rxf7 Rxf7 19. Rf1 c6 20. Bxf7+
Kh7 21. Bc4 b6 22. e5 Bb7 23. Rf7 c5 24. Rxd7 Bxg2 25. e6 Re8 26. Bd3+ Kh8 27.
Bg6 Rc8 28. e7 Bc6 29. Rd8+ 1-0

[Event "40th World Junior Girls"]
[Site "Gandhinagar IND"]
[Date "2024.06.03"]
[Round "2.35"]
[White "Mrudul, Dehankar"]
[Black "Deepak, Laksshana"]
[Result "1-0"]
[WhiteTitle "WIM"]
[BlackTitle "WCM"]
[WhiteElo "2028"]
[BlackElo "1727"]
[WhiteFideId "25096990"]
[BlackFideId "25980548"]
[EventDate "2024.06.02"]

1. e4 e6 2. d4 d5 3. e5 c5 4. c3 Nc6 5. Nf3 Qb6 6. Bd3 cxd4 7. O-O Bd7 8. Re1
Nge7 9. h4 Rc8 10. Nbd2 dxc3 11. bxc3 Na5 12. Rb1 Qc7 13. Bb2 b5 14. Nd4 Nc4 15.
Bxc4 bxc4 16. Ba3 a6 17. Bd6 Qa7 18. Qg4 Nc6 19. N2f3 g6 20. Qf4 Bxd6 21. exd6
Nxd4 22. Nxd4 O-O 23. h5 f5 24. hxg6 hxg6 25. Nxe6 Rf6 26. Ng5 Re8 27. Qh4 Bb5
28. Rxe8+ Bxe8 29. Re1 Rf8 30. Re7 1-0

[Event "40th World Junior Girls"]
[Site "Gandhinagar IND"]
[Date "2024.06.03"]
[Round "2.36"]
[White "Kheerthi, Ganta"]
[Black "Zarkym, Ailin"]
[Result "1-0"]
[WhiteTitle "WFM"]
[WhiteElo "1987"]
[BlackElo "1721"]
[WhiteFideId "25626280"]
[BlackFideId "13753207"]
[EventDate "2024.06.02"]

1. d4 Nf6 2. Nf3 e6 3. e3 b6 4. Bd3 Bb7 5. Nbd2 d5 6. b3 Bd6 7. Bb2 O-O 8. O-O
c5 9. Ne5 Ne4 10. Bxe4 dxe4 11. dxc5 Bxc5 12. Qg4 f5 13. Qe2 Nc6 14. Rfd1 Qe7
15. Ndc4 Rad8 16. a3 a5 17. Nxc6 Bxc6 18. Ne5 Bb7 19. g3 Bd6 20. Qb5 Qc7 21. Nc4
Bc5 22. Be5 Qc6 23. Qxc6 Bxc6 24. Bc7 Rc8 25. Bxb6 Bxb6 26. Nxb6 Rc7 27. c4 Rb7
28. c5 Bb5 29. Rd6 Kf7 30. b4 a4 31. Rc1 Ke7 32. Rcd1 Rc7 33. R1d4 Rb8 34. Nc4
Bc6 35. Ne5 Bb5 36. h4 Be8 37. Kf1 Rbb7 38. Ke1 Kf6 39. Nc4 Bb5 40. Na5 Ra7 41.
Rb6 Bd3 42. Rdd6 Kf7 43. Nc6 Ra8 44. Ne5+ Kg8 45. Nxd3 exd3 46. Rxe6 d2+ 47.
Kxd2 Rd8+ 48. Red6 Rcd7 49. Rxd7 Rxd7+ 50. Rd6 Rc7 51. Kc3 Kf7 52. Kc4 Ke7 53.
b5 1-0

[Event "40th World Junior Girls"]
[Site "Gandhinagar IND"]
[Date "2024.06.03"]
[Round "2.37"]
[White "Nagyova, Daniela"]
[Black "Prasiddhi Bhat"]
[Result "1-0"]
[WhiteElo "1958"]
[BlackElo "1715"]
[WhiteFideId "390070"]
[BlackFideId "25602217"]
[EventDate "2024.06.02"]

1. e4 d5 2. exd5 Qxd5 3. Nc3 Qa5 4. d4 Nf6 5. Nf3 Bg4 6. h3 Bh5 7. g4 Bg6 8. Ne5
c6 9. Nxg6 hxg6 10. Bc4 e6 11. Bd2 Qc7 12. Qe2 Be7 13. O-O-O Nbd7 14. Qf3 Nb6
15. Bb3 Bd6 16. Kb1 O-O-O 17. g5 Nfd5 18. Ne4 Bf8 19. c4 Nb4 20. a3 Na6 21. Bf4
Qe7 22. c5 Nd5 23. Nd6+ Rxd6 24. cxd6 Qd7 25. Bxd5 exd5 26. Qg3 Qf5+ 27. Ka1 f6
28. h4 Nb8 29. Rhe1 Kd7 30. Re3 fxg5 31. hxg5 Na6 32. Rde1 c5 33. Re5 Qc2 34.
Qg4+ Kc6 35. Qc8+ Kb6 36. dxc5+ Nxc5 37. Qc7+ Ka6 38. Rxd5 b6 39. Qc8+ Kb5 40.
Rc1 Qxf2 41. Rdxc5+ bxc5 42. Qb7+ Ka5 43. Bd2+ Qxd2 44. Qxa7+ 1-0

[Event "40th World Junior Girls"]
[Site "Gandhinagar IND"]
[Date "2024.06.03"]
[Round "2.38"]
[White "Benito De Leo, Estefania"]
[Black "Kriti, Mayur Patel"]
[Result "1/2-1/2"]
[BlackTitle "WCM"]
[WhiteElo "1900"]
[BlackElo "1691"]
[WhiteFideId "5135311"]
[BlackFideId "35061780"]
[EventDate "2024.06.02"]

1. e4 e5 2. Nf3 Nc6 3. Bc4 Nf6 4. d3 Bc5 5. c3 a6 6. Bb3 d6 7. Nbd2 Ba7 8. Nf1
h6 9. Ng3 Be6 10. O-O O-O 11. h3 d5 12. exd5 Bxd5 13. Bc2 Re8 14. Re1 Qd7 15.
Be3 Bxf3 16. Qxf3 Qd5 17. Ne4 Nxe4 18. dxe4 Qe6 19. Bb3 Qg6 20. Rad1 Rad8 21.
Bd5 Bxe3 22. Rxe3 Rd6 23. h4 Nd8 24. Red3 Ne6 25. Bxb7 Rxd3 26. Qxd3 Rd8 27. Qf3
Rxd1+ 28. Qxd1 Nf4 29. Qf3 1/2-1/2

[Event "40th World Junior Girls"]
[Site "Gandhinagar IND"]
[Date "2024.06.03"]
[Round "2.39"]
[White "Varshita Jain"]
[Black "Anupam, M Sreekumar"]
[Result "1/2-1/2"]
[BlackTitle "WCM"]
[WhiteElo "1676"]
[BlackElo "1872"]
[WhiteFideId "25681907"]
[BlackFideId "45033501"]
[EventDate "2024.06.02"]

1. e4 c5 2. Nf3 e6 3. d4 cxd4 4. Nxd4 a6 5. Be2 b5 6. a3 Bb7 7. Nc3 Qc7 8. O-O
Nf6 9. Bf3 d6 10. Qd3 Nbd7 11. Bg5 Ne5 12. Qe3 Nc4 13. Qc1 Be7 14. Nde2 O-O 15.
Bf4 Nd7 16. Ng3 Bf6 17. Nd1 Rac8 18. c3 Nc5 19. Qc2 Rfd8 20. Be2 Qc6 21. Bf3 Ne5
22. Bxe5 Bxe5 23. Re1 Nd7 24. Ne3 Bxg3 25. hxg3 Ne5 26. Qe2 Re8 27. Ng4 Nxf3+
28. Qxf3 Qc4 29. Qf4 Qc6 30. Rad1 Rcd8 31. Qg5 Kh8 32. f3 f5 33. exf5 Qc5+ 34.
Kh2 exf5 35. Nf6 gxf6 36. Qxf6+ Kg8 37. Qg5+ Kh8 38. Qf6+ Kg8 39. Qg5+ Kh8 40.
Qf6+ 1/2-1/2

[Event "40th World Junior Girls"]
[Site "Gandhinagar IND"]
[Date "2024.06.03"]
[Round "2.40"]
[White "Padmini S"]
[Black "Mishra Riya"]
[Result "1/2-1/2"]
[WhiteElo "1872"]
[BlackElo "1654"]
[WhiteFideId "25782738"]
[BlackFideId "35024868"]
[EventDate "2024.06.02"]

1. e4 e5 2. Nf3 Nc6 3. Bc4 Bc5 4. O-O d6 5. c3 Nf6 6. d4 exd4 7. cxd4 Bb6 8. d5
Ne5 9. Nxe5 dxe5 10. Nc3 a6 11. Qd3 Qd6 12. h3 h6 13. Be3 g5 14. Bxb6 Qxb6 15.
Qg3 Qd6 16. Be2 Bd7 17. b4 Rg8 18. b5 g4 19. h4 Nh5 20. Qe3 Nf4 21. g3 Nxe2+ 22.
Qxe2 Qb4 23. Rfc1 a5 24. Rab1 Qd6 25. b6 c6 26. dxc6 Bxc6 27. Nb5 Bxb5 28. Qxb5+
Kf8 29. Rd1 Qe6 30. Rbc1 Kg7 31. Rd5 Rge8 32. Rcc5 Rac8 33. Rc7 Red8 34. Rxe5
Qxa2 35. Ree7 Rd1+ 36. Kg2 Rf8 37. Qe5+ Kg8 38. Qf5 Qe2 39. Qg6+ Kh8 40. Qxh6+
Kg8 41. Qg6+ Kh8 1/2-1/2

[Event "40th World Junior Girls"]
[Site "Gandhinagar IND"]
[Date "2024.06.03"]
[Round "2.41"]
[White "Disha U A"]
[Black "Jesumarian, Rebecca"]
[Result "0-1"]
[WhiteElo "1660"]
[BlackElo "1866"]
[WhiteFideId "25915622"]
[BlackFideId "35094831"]
[EventDate "2024.06.02"]

1. d4 Nf6 2. Nc3 d5 3. Bf4 g6 4. e3 Bg7 5. Nb5 Na6 6. Nf3 O-O 7. h4 h5 8. Be2
Bf5 9. O-O Ng4 10. c4 dxc4 11. Bxc4 c5 12. Rc1 cxd4 13. Nbxd4 Be4 14. Ng5 e5 15.
Nxf7 Rxf7 16. Bxf7+ Kxf7 17. Bg5 Nf6 18. Nb5 Bc6 19. Qe2 Qd5 20. Nd6+ Qxd6 21.
Rfd1 Qe6 22. f4 Kg8 23. Bxf6 Bxf6 24. f5 gxf5 25. Qxh5 Be4 26. Qg6+ Kf8 27. g4
Qf7 28. Qh6+ Qg7 29. Qxg7+ Kxg7 30. g5 Be7 31. Rd7 Kf7 32. Kh2 Bc6 33. Rd2 Rh8
34. Kg3 Nc7 35. a3 Nd5 36. Kf2 Rxh4 37. Rg1 Rg4 38. Rxg4 fxg4 39. Kg3 Bxg5 40.
Kxg4 Bxe3 41. Rh2 Nf6+ 42. Kh3 Bf4 43. Rf2 0-1

[Event "40th World Junior Girls"]
[Site "Gandhinagar IND"]
[Date "2024.06.03"]
[Round "2.42"]
[White "Shanmathi Sree S"]
[Black "Falak Joni Naik"]
[Result "1-0"]
[WhiteElo "1854"]
[BlackElo "1653"]
[WhiteFideId "25966413"]
[BlackFideId "45069310"]
[EventDate "2024.06.02"]

1. e4 c5 2. Nf3 a6 3. d4 cxd4 4. Nxd4 e5 5. Nb3 Nf6 6. Bd3 d5 7. exd5 Qxd5 8.
O-O Nc6 9. Nc3 Qd8 10. Qe2 Bd6 11. Rd1 O-O 12. Bg5 Nd4 13. Qd2 Bb4 14. Qe3 Re8
15. Bxf6 gxf6 16. Ne2 Nxe2+ 17. Qxe2 Qb6 18. c3 Bf8 19. Nd2 f5 20. Nc4 Qe6 21.
Ne3 f4 22. Nd5 Bd6 23. Qh5 e4 24. Bxe4 h6 25. Bf3 Kg7 26. h3 Rg8 27. Nb6 Rb8 28.
Bg4 f5 29. Nxc8 Rbxc8 30. Bxf5 Qf6 31. Bxc8 f3 32. Qxf3 Qe5 33. g3 Kh8 34. Re1
Qc5 35. Qf6+ Rg7 36. Re8+ Kh7 37. Bf5+ Qxf5 38. Qxf5+ Rg6 39. Re6 1-0

[Event "40th World Junior Girls"]
[Site "Gandhinagar IND"]
[Date "2024.06.03"]
[Round "2.43"]
[White "Aashi Upadhyay"]
[Black "Gade Sharanya"]
[Result "0-1"]
[WhiteElo "1653"]
[BlackElo "1849"]
[WhiteFideId "25620789"]
[BlackFideId "25925253"]
[EventDate "2024.06.02"]

1. e4 c5 2. Nc3 Nc6 3. f4 g6 4. Nf3 Bg7 5. Bc4 Nd4 6. O-O a6 7. Be2 e6 8. d3 Ne7
9. Be3 Qb6 10. Rb1 O-O 11. Bf2 Qc7 12. Bg3 f5 13. e5 d6 14. exd6 Qxd6 15. Qd2
Nd5 16. Nxd5 exd5 17. Nxd4 Bxd4+ 18. Bf2 Bf6 19. d4 c4 20. Bf3 Bd7 21. b3 Bc6
22. bxc4 dxc4 23. Bxc6 Qxc6 24. c3 Qd5 25. Rb6 Rae8 26. Rfb1 Rf7 27. Re1 Rxe1+
28. Qxe1 Re7 29. Qd2 Kf7 30. Rb1 b5 31. Re1 a5 32. Rxe7+ Bxe7 33. Kf1 b4 34.
cxb4 axb4 35. Qb2 c3 36. Qb3 Ke6 37. Ke2 g5 38. fxg5 Bxg5 0-1

[Event "40th World Junior Girls"]
[Site "Gandhinagar IND"]
[Date "2024.06.03"]
[Round "2.44"]
[White "Shivamshika G"]
[Black "Asudani Ruhani Raj"]
[Result "1/2-1/2"]
[WhiteElo "1846"]
[BlackElo "1645"]
[WhiteFideId "33384959"]
[BlackFideId "25697463"]
[EventDate "2024.06.02"]

1. d4 d5 2. c4 e6 3. Nc3 Nf6 4. Nf3 Nbd7 5. Bg5 Bb4 6. cxd5 exd5 7. e3 c5 8. Bd3
Qa5 9. Qc2 c4 10. Bf5 O-O 11. O-O g6 12. Bh3 Kg7 13. Ne5 Bxc3 14. Bxd7 Nxd7 15.
bxc3 f6 16. Nxd7 Bxd7 17. Bf4 Bf5 18. Qb2 Rf7 19. Rfe1 h5 20. f3 Re8 21. a4 Re6
22. Qb5 Qd8 23. e4 dxe4 24. fxe4 Bxe4 25. Qxc4 Rc6 26. Qe2 Bd5 27. Bd2 Re6 28.
Qd3 Rc6 29. Qe3 f5 30. Rab1 Be4 31. Rb5 Rd7 32. Qg3 Qf6 33. Bf4 Kh7 34. Re5 Re6
35. Bg5 Qf7 36. Rc5 Rc6 37. Qb8 Rxc5 38. dxc5 Qa2 39. Qg3 Qxa4 40. Be3 Qc6 41.
Qg5 Kg8 42. Bd4 Kh7 43. Be3 Qe6 44. Qh6+ Kg8 45. Bd4 Rh7 46. Qf4 Rd7 47. Qb8+
Kf7 48. Qh8 Re7 49. Bg7 Re8 50. Qh7 Rc8 51. Bd4+ Ke8 52. Qxb7 a6 53. Qg7 Rc6 54.
Bf2 Qf6 55. Qb7 Qe6 56. Rd1 Rxc5 57. Qg7 Rd5 58. Re1 Qf7 59. Qh8+ Qf8 60. Qh7
Qf7 1/2-1/2

[Event "40th World Junior Girls"]
[Site "Gandhinagar IND"]
[Date "2024.06.03"]
[Round "2.45"]
[White "Radhika Sharma"]
[Black "Sindhusree K"]
[Result "0-1"]
[WhiteElo "1651"]
[BlackElo "1846"]
[WhiteFideId "33398666"]
[BlackFideId "46616411"]
[EventDate "2024.06.02"]

1. Nf3 d5 2. d4 Nf6 3. c4 e6 4. g3 dxc4 5. Bg2 Nbd7 6. O-O Rb8 7. a4 a6 8. Qc2
Bd6 9. Qxc4 b5 10. axb5 Rxb5 11. Nc3 Rb4 12. Qd3 O-O 13. Rd1 Qe7 14. Qc2 Bb7 15.
e4 e5 16. dxe5 Nxe5 17. Nd4 g6 18. b3 c5 19. Nde2 c4 20. Qd2 Bc5 21. bxc4 Nxc4
22. Qg5 Nb2 23. Bxb2 Rxb2 24. Rab1 Rxb1 25. Rxb1 Bc8 26. e5 Ng4 27. Qxe7 Bxe7
28. Nd5 Bc5 29. Nf6+ Kg7 30. Nxg4 Bxg4 31. Nf4 Bd4 32. Rb4 Bxe5 33. Nd3 Rd8 34.
Rxg4 Rxd3 35. Ra4 Bd4 36. Kf1 Rd2 0-1